Issues applied linguistics
This book provides a wide-ranging and comprehensive treatment of the major issues in applied linguistics. It outlines the historical roots of the field and its major developments over the years, and examines current issues such as language modeling and the analysis of discourse.
Guardat en:
| Autor principal: | |
|---|---|
| Format: | Llibre |
| Idioma: | Undetermined |
| Publicat: |
Cambridge, UK
Cambridge University Press
2001
|
| Matèries: | |
| Etiquetes: |
Afegir etiqueta
Sense etiquetes, Sigues el primer a etiquetar aquest registre!
|
| Thư viện lưu trữ: | Trung tâm Học liệu Trường Đại học Cần Thơ |
|---|
| LEADER | 00844nam a2200217Ia 4500 | ||
|---|---|---|---|
| 001 | CTU_42407 | ||
| 008 | 210402s9999 xx 000 0 und d | ||
| 020 | |b 186.000đ | ||
| 020 | |c 186000 | ||
| 082 | |a 418 | ||
| 082 | |b M123 | ||
| 100 | |a McCarthy, Michael | ||
| 245 | 0 | |a Issues applied linguistics | |
| 245 | 0 | |c Michael McCarthy | |
| 260 | |a Cambridge, UK | ||
| 260 | |b Cambridge University Press | ||
| 260 | |c 2001 | ||
| 520 | |a This book provides a wide-ranging and comprehensive treatment of the major issues in applied linguistics. It outlines the historical roots of the field and its major developments over the years, and examines current issues such as language modeling and the analysis of discourse. | ||
| 650 | |a Applied linguistics | ||
| 904 | |i Minh, Huỳnh Mai | ||
| 980 | |a Trung tâm Học liệu Trường Đại học Cần Thơ | ||